Cohomologie galoisienne des modules finis : Séminaire de l'Institut de mathématiques de Lille /
Guardado en:
| Autor Corporativo: | |
|---|---|
| Otros Autores: | |
| Formato: | Libro |
| Idioma: | French |
| Publicado: |
Paris :
Dunod,
1967.
|
| Series: | Travaux et recherches mathématiques ;
13 |
| Materias: | |
| Etiquetas: |
Agregar Etiqueta
Sin Etiquetas, Sea el primero en etiquetar este registro!
|
| LEADER | 01525cam a22002415a 4500 | ||
|---|---|---|---|
| 001 | MAT.inmabb005106 | ||
| 008 | 850109s1967####fr############000#0#fre## | ||
| 005 | 20170822163417.0 | ||
| 245 | 1 | 0 | |a Cohomologie galoisienne des modules finis : |b Séminaire de l'Institut de mathématiques de Lille / |c sous la direction de G. Poitou. |
| 260 | |a Paris : |b Dunod, |c 1967. | ||
| 300 | |a xviii, 279 p. ; |c 25 cm. | ||
| 440 | 0 | |a Travaux et recherches mathématiques ; |v 13 | |
| 505 | 0 | |a Exp. 1, G. Poitou, Limites d'espaces -- Exp. 2, H. Ferru, Limies de groupes -- Exp. 3, L. Bégueri, Groupes de Galois -- Exp. 4, R. Bantegnie, Cohomologie des groupes compacts totalement discontinus -- Exp. 5, M.-C. Ayats, Changement de groupe -- Exp. 6, E. Crépeaux, Calculs explicites -- Exp. 7, A. Pillons, Cupproduit -- Exp. 8, C. Chamfy, Modules semilocaux -- Exp. 9, D. Legrand, Nombres $ germ p$-adiques -- Exp. 10, S. Diximier, Invariants locaux -- Exp. 11, M. Parreau, Dualité de Pontrjagin -- Exp. 12, L. Bégueri, Dualité locale -- Exp. 13, R. Descombes, Corps de nombres algébriques -- Exp. 14, C. Chamfy, Idèles -- Exp. 15, G. Poitou, Propriétés globales des modules finis. | |
| 510 | 4 | |a MR, |c 36 #2670 | |
| 110 | 2 | |a Université de Lille. |b Institut de mathématiques. | |
| 700 | 1 | |a Poitou, G. |q (Georges) |4 edt | |
| 084 | |a 18.20 (10.00) |2 MR | ||
| 650 | 0 | |a Galois theory. | |
| 650 | 0 | |a Homology theory. | |
| 650 | 0 | |a Algebraic number theory. | |
| 010 | |a 79362036 | ||
| 040 | |a DLC/ICU |c ICU |d DLC | ||
| 859 | |h 18 |i C678 |p A-2498 |b BIB. MATEMATICA | ||
